| 000 | 00773nam a2200229 i 4500 | ||
|---|---|---|---|
| 001 | 98033 | ||
| 003 | ES-MaACL | ||
| 005 | 20230906182214.0 | ||
| 007 | t| | ||
| 008 | 050721s1952 sp ||||1| spa d | ||
| 100 | 1 |
_aMarlowe, Christopher. _976938 |
|
| 245 | 1 | 0 |
_aTeatro / _cChristopher Marlowe; traducción de Juan G. de Luaces. |
| 250 | _a[1ª ed.]. | ||
| 260 |
_aBarcelona : _bJosé Janés, _c1952. |
||
| 300 |
_a277 p., 3 h. ; _c20 cm. |
||
| 490 | 1 | _aEl mensaje | |
| 505 | 8 | _aContiene: Literatura inglesa: 1-- Tamerlan El Grande. 2-- La trágica historia del Doctor Fausto. 3-- Eduardo Segundo. 4-- El Judio de Malta | |
| 700 | 1 |
_aLuaces, Juan G. de. _974483 |
|
| 830 | 0 |
_aEl mensaje _9183903 |
|
| 852 |
_aES-MaACL _jD-5991 _bR.31905 |
||
| 999 |
_c98033 _d98033 |
||